000 00338 a2200109 4500
001 ART_40823
005 20260410161754.0
008 260409a
245 1 0 _a¿Una nueva vía de escape en el proceso penal tributario?
100 1 _aSequeira, Marcos A.
773 0 _tDoctrina tributaria
_g- Nº 441 (dic. 2016)
_wREV4296
999 _c19941
_d19941